[Event "GER-ch U10 Girls"]
[Site "Willingen"]
[Date "2022.06.11"]
[Round "11"]
[White "Jiang, Lucia"]
[Black "Malagatte, Samiksha"]
[Result "1-0"]
[WhiteElo "919"]
[BlackElo "1056"]
[PlyCount "69"]
[EventDate "2022.06.04"]
[EventType "swiss"]
[EventRounds "11"]
[EventCountry "GER"]
[SourceTitle "CBM 208 Extra"]
[Source "ChessBase"]
[SourceDate "2022.07.31"]
[SourceVersion "1"]
[SourceVersionDate "2022.07.31"]
[SourceQuality "1"]

1. e4 e5 2. Nf3 Nc6 3. Bc4 Nf6 4. d3 Be7 5. c3 d6 6. 0-0 0-0 7. Nbd2 Na5 8. Bb3 Nxb3 9. Qxb3 d5 10. h3 dxe4 11. dxe4 Bd6 12. Re1 b6 13. Nc4 Be6 14. Qb5 a6 15. Qc6 Bd7 16. Qb7 Qe7 17. Bg5 h6 18. Bxf6 gxf6 19. Qd5 Be6 20. Qd3 Rad8 21. Ne3 Bc5 22. Qxa6 Ra8 23. Qe2 Bxa2 24. b4 Bd6 25. Rxa2 Rxa2 26. Qxa2 Qe6 27. Qxe6 fxe6 28. Nc4 Be7 29. Rd1 Ra8 30. Rd7 Bd8 31. Nh4 b5 32. Ne3 c6 33. Ng6 h5 34. g4 hxg4 35. Nxg4 1-0

[Event "GER-ch U10 Girls"]
[Site "Willingen"]
[Date "2022.06.08"]
[Round "7"]
[White "Jiang, Lucia"]
[Black "Weissleder, Emia"]
[Result "0-1"]
[WhiteElo "919"]
[BlackElo "983"]
[PlyCount "92"]
[EventDate "2022.06.04"]
[EventType "swiss"]
[EventRounds "11"]
[EventCountry "GER"]
[SourceTitle "CBM 208 Extra"]
[Source "ChessBase"]
[SourceDate "2022.07.31"]
[SourceVersion "1"]
[SourceVersionDate "2022.07.31"]
[SourceQuality "1"]

1. e4 c5 2. Nf3 Nc6 3. Nc3 g6 4. d4 cxd4 5. Nxd4 Bg7 6. Be3 Nf6 7. f3 0-0 8. Bd3 e5 9. Ndb5 d6 10. Ne2 d5 11. Qd2 d4 12. Bh6 Qa5 13. Bg5 Qxd2+ 14. Bxd2 a6 15. Nd6 Be6 16. 0-0 b5 17. Nb7 Rab8 18. Nc5 Bc4 19. Nxa6 Rb6 20. Nb4 Nxb4 21. Bxb4 Rc8 22. Bd2 Bxd3 23. cxd3 Rc2 24. Rfd1 Rxb2 25. Nc1 Rc6 26. a3 Rcc2 27. Na2 Rxd2 28. Rxd2 Rxd2 29. Nb4 Bh6 30. Rb1 Be3+ 31. Kf1 Rf2+ 32. Ke1 Rxg2 33. Kd1 Nd7 34. h4 Nc5 35. Rc1 Bxc1 36. Kxc1 Nb3+ 37. Kb1 Rd2 38. Nc2 g5 39. hxg5 h5 40. Kb2 Na1 41. Kc1 Rxc2+ 42. Kb1 h4 43. Kxa1 h3 44. Kb1 Rg2 45. Kc1 h2 46. Kd1 h1Q# 0-1

[Event "GER-ch U10 Girls"]
[Site "Willingen"]
[Date "2022.06.06"]
[Round "4"]
[White "Jiang, Lucia"]
[Black "Nguyen, Minh Anh"]
[Result "1/2-1/2"]
[WhiteElo "919"]
[BlackElo "774"]
[PlyCount "247"]
[EventDate "2022.06.04"]
[EventType "swiss"]
[EventRounds "11"]
[EventCountry "GER"]
[SourceTitle "CBM 208 Extra"]
[Source "ChessBase"]
[SourceDate "2022.07.31"]
[SourceVersion "1"]
[SourceVersionDate "2022.07.31"]
[SourceQuality "1"]

1. e4 d6 2. d4 Nf6 3. Nc3 g6 4. Be3 Bg7 5. f3 0-0 6. Bd3 e5 7. Nge2 Bd7 8. 0-0 Nc6 9. d5 Ne7 10. Qd2 c5 11. a4 a5 12. b3 b6 13. Rfe1 Re8 14. Bf2 Rb8 15. Bb5 Bxb5 16. axb5 Nc8 17. Bh4 Qd7 18. Qd3 Na7 19. Bxf6 Bxf6 20. Rad1 Red8 21. Rf1 Rbc8 22. h3 Bg7 23. Ra1 Ra8 24. Rfd1 Bf6 25. Nb1 Qxb5 26. c4 Qd7 27. Nbc3 Nc8 28. Rf1 Rf8 29. Rad1 Ne7 30. Qe3 Rad8 31. Rd2 Bg7 32. Rfd1 Rfe8 33. Qg5 f6 34. Qg3 Rf8 35. Rd3 Rfe8 36. Qf2 Rf8 37. Ra1 Ra8 38. Na4 Rab8 39. Qe1 Qd8 40. Qc3 Nc8 41. Nb2 Na7 42. Rdd1 Re8 43. Nd3 Rf8 44. Rf1 Ra8 45. Rac1 Rc8 46. Rfd1 Qd7 47. Qd2 Rfd8 48. Nf2 Rb8 49. Ng4 Qf7 50. Qe1 Rbc8 51. Qg3 Rf8 52. Rf1 Rcd8 53. Rf2 Rd7 54. Rcf1 f5 55. Ne3 f4 56. Qg5 fxe3 57. Qxe3 Rfd8 58. Rd1 Qf8 59. Qd3 Bh6 60. Nc3 Bf4 61. Re2 Qh6 62. Kf1 g5 63. Rb1 Qh4 64. Rf2 Bg3 65. Rc2 g4 66. hxg4 Qh1+ 67. Ke2 Qxg2+ 68. Kd1 Qg1+ 69. Ke2 Qf2+ 70. Kd1 Qd4 71. Rd2 Qxd3 72. Rxd3 Rf7 73. Ke2 Rdf8 74. Rf1 Ra8 75. Rg1 Bf4 76. Nd1 Nc8 77. Nf2 a4 78. bxa4 Rxa4 79. Rc3 Ra2+ 80. Kf1 Ra1+ 81. Kg2 Rxg1+ 82. Kxg1 Rb7 83. Nd3 Be3+ 84. Kf1 b5 85. cxb5 Rxb5 86. Ke2 Bd4 87. Ra3 c4 88. Ne1 c3 89. Ra8 Rc5 90. Ra2 Nb6 91. Rc2 Rb5 92. Rc1 Kf7 93. Kd3 Kf6 94. Nc2 Kg5 95. Nxd4 exd4 96. Kxd4 Kf4 97. Rxc3 Na4 98. Ra3 Rb4+ 99. Kd3 Kxf3 100. g5 Rxe4 101. Kc2+ Kf4 102. Kb3 Nc5+ 103. Kc2 Kxg5 104. Rg3+ Rg4 105. Re3 h5 106. Re1 h4 107. Rh1 Nd7 108. Kb3 Ne5 109. Kb2 Nc4+ 110. Kc2 Ne3+ 111. Kd2 Nxd5 112. Ke2 Nf4+ 113. Kf2 d5 114. Rc1 h3 115. Rh1 Rh4 116. Kg1 Kh5 117. Rh2 d4 118. Kf2 d3 119. Kg3 d2 120. Rxd2 Rg4+ 121. Kf3 Rg2 122. Rxg2 hxg2 123. Kf2 g1Q+ 124. Kxg1 1/2-1/2